The Bond (Record no. 22561)

MARC details
000 -LEADER
fixed length control field 00617nam a22001817a 4500
003 - CONTROL NUMBER IDENTIFIER
control field OSt
005 - DATE AND TIME OF LATEST TRANSACTION
control field 20260520091727.0
008 - FIXED-LENGTH DATA ELEMENTS--GENERAL INFORMATION
fixed length control field 260519b |||||||| |||| 00| 0 eng d
020 ## - INTERNATIONAL STANDARD BOOK NUMBER
International Standard Book Number 978-1-59448-957-0
040 ## - CATALOGING SOURCE
Transcribing agency Chuka University
100 ## - MAIN ENTRY--PERSONAL NAME
Personal name Drs Davis Sampson, George Jenkins and Rameck Hunt
9 (RLIN) 25661
245 ## - TITLE STATEMENT
Title The Bond
Remainder of title Three Young Men Learn to Forgive And Reconnect with their Fathers
260 ## - PUBLICATION, DISTRIBUTION, ETC.
Place of publication, distribution, etc. New york
Name of publisher, distributor, etc. Penguin group
Date of publication, distribution, etc. 2007
300 ## - PHYSICAL DESCRIPTION
Extent 261P
650 ## - SUBJECT ADDED ENTRY--TOPICAL TERM
Topical term or geographic name entry element Fathers and Sons---United states---case studies.
9 (RLIN) 25662
650 ## - SUBJECT ADDED ENTRY--TOPICAL TERM
Topical term or geographic name entry element African Americans Physicians--Biogeography
9 (RLIN) 25663
942 ## - ADDED ENTRY ELEMENTS (KOHA)
Source of classification or shelving scheme Library of Congress Classification
Koha item type Long Loan Books
Suppress in OPAC No
Holdings
Withdrawn status Lost status Source of classification or shelving scheme Damaged status Not for loan Collection Home library Current library Shelving location Date acquired Total Checkouts Full call number Barcode Date last seen Cost, replacement price Price effective from Koha item type
    Library of Congress Classification     General Collection Books Main Campus Library Main Campus Library General Stacks 20/05/2026   HQ 755.86 .D37 2007 32181/2026 20/05/2026 2075.20 20/05/2026 Long Loan Books

Powered by Koha